[Event "GER-ch Net blitz qual2"]
[Site "Playchess.com INT"]
[Date "2020.03.16"]
[Round "1"]
[White "Kapferer, Romed"]
[Black "Eckhardt, Thorsten"]
[Result "1-0"]
[WhiteElo "2081"]
[BlackElo "2177"]
[PlyCount "65"]
[EventDate "2020.03.16"]
[EventType "swiss (blitz)"]
[EventRounds "9"]
[EventCountry "GER"]
[SourceTitle "CBM 195 Extra"]
[Source "ChessBase"]
[SourceDate "2020.05.31"]
[SourceVersion "1"]
[SourceVersionDate "2020.05.31"]
[SourceQuality "1"]

1. e4 e6 2. d4 b6 3. Nc3 Bb7 4. Bd3 Bb4 5. Nge2 Nf6 6. 0-0 c5 7. e5 Nd5 8. Ne4 cxd4 9. a3 Be7 10. Nxd4 f5 11. exf6 Nxf6 12. Ng5 0-0 13. Qe2 Nc6 14. Ndf3 h6 15. Ne4 Rc8 16. Nxf6+ Rxf6 17. Qe4 Rf5 18. Qg4 Rf6 19. b3 Qc7 20. Bb2 Qf4 21. Qh5 g6 22. Bxg6 Rcf8 23. Bc1 Qxf3 24. gxf3 Nd4 25. Be4 Bxe4 26. fxe4 Nf3+ 27. Kh1 Ng5 28. Be3 Nxe4 29. Qg4+ Kh8 30. Qxe4 Rf5 31. Rg1 Bd6 32. Qg4 R5f7 33. Qg6 1-0

[Event "Hessenliga 1921"]
[Site "Hessen"]
[Date "2020.03.08"]
[Round "7.2"]
[White "Prenzler, Daniel"]
[Black "Eckhardt, Thorsten"]
[Result "1/2-1/2"]
[WhiteElo "2160"]
[BlackElo "2095"]
[PlyCount "63"]
[EventDate "2019.09.22"]
[EventType "team-tourn"]
[EventRounds "9"]
[EventCountry "GER"]
[SourceTitle "EXT 2024"]
[Source "ChessBase"]
[SourceDate "2023.10.10"]
[SourceVersion "1"]
[SourceVersionDate "2023.10.10"]
[SourceQuality "1"]
[WhiteTeam "Nied"]
[BlackTeam "Giessen"]
[WhiteTeamCountry "GER"]
[BlackTeamCountry "GER"]

1. e4 e6 2. d4 d5 3. Nc3 Nf6 4. e5 Nfd7 5. f4 c5 6. Nf3 Nc6 7. Be3 Be7 8. Qd2 a6 9. Be2 b5 10. 0-0 0-0 11. Nd1 cxd4 12. Nxd4 Qc7 13. Nf2 Bb7 14. Rae1 Rac8 15. Bd3 Nb6 16. Nxc6 Qxc6 17. Bxb6 Qxb6 18. Re3 f6 19. Rh3 h6 20. Qe2 fxe5 21. fxe5 Bc5 22. c3 a5 23. Bb1 b4 24. Qc2 Bxf2+ 25. Rxf2 Rxf2 26. Qxf2 Qxf2+ 27. Kxf2 bxc3 28. Rxc3 Rf8+ 29. Rf3 Rc8 30. Rc3 Rf8+ 31. Rf3 Rc8 32. Rc3 1/2-1/2

[Event "Hessenliga 1921"]
[Site "Hessen"]
[Date "2019.11.10"]
[Round "3.4"]
[White "Eckhardt, Thorsten"]
[Black "Du Maire, Jerome"]
[Result "1/2-1/2"]
[WhiteElo "2095"]
[BlackElo "2103"]
[PlyCount "85"]
[EventDate "2019.09.22"]
[EventType "team-tourn"]
[EventRounds "9"]
[EventCountry "GER"]
[SourceTitle "EXT 2024"]
[Source "ChessBase"]
[SourceDate "2023.10.10"]
[SourceVersion "1"]
[SourceVersionDate "2023.10.10"]
[SourceQuality "1"]
[WhiteTeam "Giessen"]
[BlackTeam "Frankfurt TV"]
[WhiteTeamCountry "GER"]
[BlackTeamCountry "GER"]

1. e4 e6 2. b3 d5 3. Bb2 dxe4 4. Nc3 Nf6 5. Qe2 Be7 6. Nxe4 0-0 7. 0-0-0 a5 8. a4 Nc6 9. Nf3 b6 10. Kb1 Bb7 11. d4 Nb4 12. Nxf6+ Bxf6 13. c4 Qd6 14. g3 Qc6 15. Bg2 Qe4+ 16. Qxe4 Bxe4+ 17. Kc1 Rad8 18. Ne1 Na2+ 19. Kd2 Bxg2 20. Nxg2 Bxd4 21. Bxd4 Rxd4+ 22. Ke3 Rdd8 23. Nf4 Nb4 24. Ne2 f6 25. f4 Kf7 26. g4 Rxd1 27. Rxd1 Ke7 28. Ng3 c5 29. Rd2 Nc6 30. Ne2 Rd8 31. Rxd8 Kxd8 32. Ke4 Ke7 33. f5 e5 34. Nc3 Nb4 35. h4 h6 36. g5 hxg5 37. hxg5 Kd6 38. gxf6 gxf6 39. Nb5+ Kc6 40. Nc3 Kd7 41. Ke3 Ke7 42. Ke4 Kf7 43. Nb5 1/2-1/2

[Event "Hessenliga 1819"]
[Site "Hessen"]
[Date "2019.04.07"]
[Round "8.4"]
[White "Eckhardt, Thorsten"]
[Black "Rothenbacher, Jochen"]
[Result "1/2-1/2"]
[WhiteElo "2095"]
[BlackElo "2138"]
[PlyCount "35"]
[EventDate "2018.09.23"]
[EventType "team-tourn"]
[EventRounds "9"]
[EventCountry "GER"]
[SourceTitle "EXT 2020"]
[Source "ChessBase"]
[SourceDate "2019.10.17"]
[SourceVersion "1"]
[SourceVersionDate "2019.10.17"]
[SourceQuality "1"]
[WhiteTeam "Giessen"]
[BlackTeam "Bad Nauheim"]
[WhiteTeamCountry "GER"]
[BlackTeamCountry "GER"]

1. e4 e5 2. Nf3 d6 3. d4 exd4 4. Nxd4 Nf6 5. Nc3 Be7 6. g3 0-0 7. Bg2 c6 8. h3 Nbd7 9. 0-0 Ne5 10. f4 Ng6 11. Be3 Bd7 12. a4 Qc7 13. Qd2 b6 14. Rad1 Rad8 15. Rfe1 a6 16. g4 b5 17. axb5 axb5 18. Nf5 1/2-1/2

[Event "Hessenliga 1516"]
[Site "Germany"]
[Date "2016.02.01"]
[Round "6.6"]
[White "Eckhardt, Thorsten"]
[Black "Syperek, Sebastian"]
[Result "0-1"]
[WhiteElo "2095"]
[BlackElo "2227"]
[PlyCount "88"]
[EventDate "2015.09.27"]
[EventType "team-tourn"]
[EventRounds "9"]
[EventCountry "GER"]
[SourceTitle "EXT 2018"]
[Source "ChessBase"]
[SourceDate "2017.10.13"]
[SourceVersion "1"]
[SourceVersionDate "2017.10.13"]
[SourceQuality "1"]
[WhiteTeam "Giessen II"]
[BlackTeam "Bad Nauheim"]
[WhiteTeamCountry "GER"]
[BlackTeamCountry "GER"]

1. e4 e5 2. Nf3 Nc6 3. Bc4 Bc5 4. c3 Nf6 5. d3 Qe7 6. b4 Bb6 7. Nbd2 d6 8. h3 Be6 9. Qe2 h6 10. Bxe6 Qxe6 11. a4 a6 12. Nc4 Ba7 13. Bb2 d5 14. exd5 Nxd5 15. g3 f6 16. b5 Nce7 17. d4 0-0 18. 0-0-0 axb5 19. axb5 Nb6 20. Nfd2 Na4 21. g4 Nd5 22. Kc2 Nxb2 23. Nxb2 Nxc3 24. Kxc3 Bxd4+ 25. Kc2 Bxb2 26. Kxb2 Qa2+ 27. Kc1 Ra3 28. Qc4+ Qxc4+ 29. Nxc4 Rc3+ 30. Kb2 Rxc4 31. Kb3 Rd4 32. Rxd4 exd4 33. Kc4 Rd8 34. Rd1 d3 35. Rxd3 Rxd3 36. Kxd3 Kf7 37. f4 Ke6 38. Ke4 g6 39. Kd4 f5 40. Kc5 fxg4 41. hxg4 g5 42. f5+ Ke5 43. Kc4 h5 44. gxh5 Kxf5 0-1

[Event "Hessenliga 1516"]
[Site "Germany"]
[Date "2015.11.22"]
[Round "3.7"]
[White "Eckhardt, Thorsten"]
[Black "Krzesinski, Paul"]
[Result "1-0"]
[WhiteElo "2095"]
[BlackElo "2026"]
[PlyCount "51"]
[EventDate "2015.09.27"]
[EventType "team-tourn"]
[EventRounds "9"]
[EventCountry "GER"]
[SourceTitle "EXT 2018"]
[Source "ChessBase"]
[SourceDate "2017.10.13"]
[SourceVersion "1"]
[SourceVersionDate "2017.10.13"]
[SourceQuality "1"]
[WhiteTeam "Giessen II"]
[BlackTeam "Frankfurt TV"]
[WhiteTeamCountry "GER"]
[BlackTeamCountry "GER"]

1. e4 e5 2. Nf3 Nc6 3. Bc4 Nf6 4. d3 Be7 5. 0-0 0-0 6. Re1 d6 7. a4 Be6 8. Nbd2 Qd7 9. c3 Rae8 10. a5 a6 11. Qb3 Nd8 12. d4 exd4 13. Nxd4 d5 14. exd5 Bxd5 15. Nf1 Bxc4 16. Qxc4 Nd5 17. Ng3 c6 18. Ndf5 Bf6 19. Bd2 Re5 20. Rxe5 Bxe5 21. Re1 Re8 22. Qg4 Qe6 23. f4 Nxf4 24. Bxf4 Bd4+ 25. Be3 Bf6 26. Bf2 1-0

[Event "Hessenliga 1516"]
[Site "Germany"]
[Date "2015.09.27"]
[Round "1.7"]
[White "Hoeck, Raimund"]
[Black "Eckhardt, Thorsten"]
[Result "0-1"]
[WhiteElo "2017"]
[BlackElo "2095"]
[PlyCount "80"]
[EventDate "2015.09.27"]
[EventType "team-tourn"]
[EventRounds "9"]
[EventCountry "GER"]
[SourceTitle "EXT 2018"]
[Source "ChessBase"]
[SourceDate "2017.10.13"]
[SourceVersion "1"]
[SourceVersionDate "2017.10.13"]
[SourceQuality "1"]
[WhiteTeam "Griesheim II"]
[BlackTeam "Giessen II"]
[WhiteTeamCountry "GER"]
[BlackTeamCountry "GER"]

1. d4 g6 2. Nf3 Bg7 3. c4 d6 4. e4 Nf6 5. Nc3 0-0 6. h3 Nbd7 7. Bg5 h6 8. Be3 c6 9. Bd3 a6 10. a4 e5 11. d5 Qe7 12. 0-0 a5 13. Nd2 Nh5 14. Qf3 Qh4 15. Qg4 Qf6 16. Qd1 Nf4 17. Bc2 Re8 18. Kh2 Nf8 19. Nf3 c5 20. Ng1 g5 21. g3 N4g6 22. f4 exf4 23. gxf4 Nxf4 24. Nce2 N8g6 25. Qd2 Qxb2 26. Rab1 Qe5 27. Nxf4 gxf4 28. Bxf4 Nxf4 29. Rxf4 Qxf4+ 30. Qxf4 Be5 31. Kg3 Rb8 32. Nf3 Bxf4+ 33. Kxf4 b6 34. e5 dxe5+ 35. Nxe5 f6 36. Rg1+ Kf8 37. Ng6+ Kf7 38. h4 Bd7 39. h5 Re2 40. Bd1 Rd2 0-1

[Event "Oberliga Ost-B 1415"]
[Site "Germany"]
[Date "2015.01.17"]
[Round "6.7"]
[White "Meyner, Hannes"]
[Black "Eckhardt, Thorsten"]
[Result "1-0"]
[WhiteElo "2215"]
[BlackElo "2109"]
[PlyCount "91"]
[EventDate "2014.09.21"]
[EventType "team-tourn"]
[EventRounds "11"]
[EventCountry "GER"]
[SourceTitle "EXT 2016"]
[Source "ChessBase"]
[SourceDate "2015.10.08"]
[SourceVersion "1"]
[SourceVersionDate "2015.10.08"]
[SourceQuality "1"]
[WhiteTeam "Kassel"]
[BlackTeam "Giessen"]
[WhiteTeamCountry "GER"]
[BlackTeamCountry "GER"]

1. d4 c5 2. d5 d6 3. c4 g6 4. e4 Bg7 5. Nc3 Nf6 6. h3 0-0 7. Nf3 Nbd7 8. Bd3 a6 9. a4 e6 10. 0-0 exd5 11. exd5 Re8 12. Bf4 Ne5 13. Nxe5 dxe5 14. Be3 Nd7 15. a5 f5 16. f3 Qc7 17. Na4 Bf8 18. Qd2 Rb8 19. b4 f4 20. Bxc5 Nxc5 21. Nxc5 Bxc5+ 22. bxc5 Qxc5+ 23. Qf2 Qxf2+ 24. Rxf2 Bf5 25. Bf1 Kf7 26. Rb2 Ke7 27. c5 Kd7 28. Rc1 e4 29. fxe4 Bxe4 30. Bc4 Bf5 31. Bb3 Red8 32. Ba4+ Ke7 33. d6+ Kf6 34. Rb6 Ke5 35. Kf2 g5 36. Rb4 Bd7 37. Bb3 Re8 38. Re1+ Kf6 39. Rxe8 Bxe8 40. Bd5 Bb5 41. Rxb5 axb5 42. a6 bxa6 43. c6 Rb6 44. Kf3 b4 45. c7 Rxd6 46. Ke4 1-0

[Event "GER-chT10 LJ-22 Br01 email"]
[Site "GER email"]
[Date "2013.10.04"]
[Round "?"]
[White "Eckhardt, Thorsten"]
[Black "Ebert, Juergen"]
[Result "1/2-1/2"]
[WhiteElo "2195"]
[BlackElo "2180"]
[PlyCount "43"]
[EventDate "2013.10.15"]
[EventType "tourn (corr)"]
[EventRounds "8"]
[EventCountry "GER"]
[SourceTitle "Corr 2015"]
[Source "ChessBase"]
[SourceDate "2015.07.17"]
[SourceVersion "1"]
[SourceVersionDate "2015.07.17"]
[SourceQuality "1"]

1. e4 c5 2. Nc3 Nc6 3. f4 g6 4. Nf3 Bg7 5. Bb5 Nd4 6. Bd3 d6 7. Nxd4 cxd4 8. Ne2 Nf6 9. Nxd4 Nxe4 10. Bxe4 Bxd4 11. Qf3 Qb6 12. c3 Bg7 13. d4 0-0 14. Qf2 e6 15. 0-0 Re8 16. Be3 d5 17. Bd3 Bd7 18. a4 Qd6 19. g4 f5 20. g5 a6 21. h4 h5 22. Qe2 1/2-1/2

[Event "GER-chT10 LJ-22 Br01 email"]
[Site "GER email"]
[Date "2013.10.04"]
[Round "?"]
[White "Priepke, Wolfgang"]
[Black "Eckhardt, Thorsten"]
[Result "1-0"]
[WhiteElo "2228"]
[BlackElo "2195"]
[PlyCount "61"]
[EventDate "2013.10.15"]
[EventType "tourn (corr)"]
[EventRounds "8"]
[EventCountry "GER"]
[SourceTitle "Corr 2015"]
[Source "ChessBase"]
[SourceDate "2015.07.17"]
[SourceVersion "1"]
[SourceVersionDate "2015.07.17"]
[SourceQuality "1"]

1. e4 e6 2. d4 d5 3. Nc3 Nf6 4. e5 Nfd7 5. f4 c5 6. Nf3 Nc6 7. Be3 Be7 8. dxc5 0-0 9. Qe2 Bxc5 10. 0-0-0 a6 11. Kb1 Qc7 12. h4 Rd8 13. Bxc5 Nxc5 14. Qe3 Ne7 15. Bd3 b5 16. h5 Bb7 17. Nd4 Rac8 18. Nce2 Rf8 19. g4 Rce8 20. f5 Ne4 21. Bxe4 Qxe5 22. f6 gxf6 23. Bxh7+ Kxh7 24. Qf2 Qg5 25. Rdg1 Qh6 26. Nf3 Kh8 27. g5 fxg5 28. Nxg5 Nf5 29. Nf4 d4 30. Rh3 Ng7 31. Qh2 1-0

[Event "GER MS-167 email"]
[Site "GER email"]
[Date "2012.09.25"]
[Round "?"]
[White "Wurtinger, Rainer"]
[Black "Eckhardt, Thorsten"]
[Result "1/2-1/2"]
[WhiteElo "2122"]
[BlackElo "2219"]
[PlyCount "116"]
[EventDate "2012.10.02"]
[EventType "tourn (corr)"]
[EventRounds "6"]
[EventCountry "GER"]
[SourceTitle "Corr 2015"]
[Source "ChessBase"]
[SourceDate "2015.07.17"]
[SourceVersion "1"]
[SourceVersionDate "2015.07.17"]
[SourceQuality "1"]

1. d4 Nf6 2. c4 g6 3. Nc3 d5 4. cxd5 Nxd5 5. e4 Nxc3 6. bxc3 Bg7 7. Bc4 c5 8. Ne2 Nc6 9. Be3 0-0 10. 0-0 Bg4 11. f3 Na5 12. Bxf7+ Rxf7 13. fxg4 Rxf1+ 14. Kxf1 Qd6 15. Kg1 Qe6 16. Qd3 cxd4 17. cxd4 Qxg4 18. Rf1 Rc8 19. h3 Qd7 20. d5 Nc4 21. Bd4 e5 22. dxe6 Qxe6 23. Bxg7 Kxg7 24. Nf4 Qe7 25. Kh1 Nb6 26. Qe3 Rf8 27. Rd1 Qf6 28. Nd3 Rd8 29. e5 Qf5 30. e6 Nc8 31. e7 Re8 32. Nb4 Nxe7 33. Nd5 Qd7 34. Qc3+ Kf7 35. Ne3 Qe6 36. Rf1+ Nf5 37. Ng4 Rc8 38. Nh6+ Ke8 39. Qh8+ Kd7 40. Qxh7+ Ne7 41. Qg7 Rc5 42. Qd4+ Qd5 43. Qg4+ Qe6 44. Qg3 Nc6 45. a4 b6 46. Ng4 Kc8 47. Rf6 Qc4 48. Rxg6 Qxa4 49. Kh2 Qd4 50. Rd6 Qg7 51. Qf4 Qc7 52. Nf6 Ne5 53. Ne8 Qe7 54. Rf6 Rc6 55. Rxc6+ Nxc6 56. Nd6+ Kd7 57. Nb5 Qc5 58. Qg4+ Ke7 1/2-1/2

[Event "Oberliga Ost-B 1112"]
[Site "Germany"]
[Date "2012.03.18"]
[Round "9.8"]
[White "Eckhardt, Thorsten"]
[Black "Hankel, Dennis"]
[Result "0-1"]
[WhiteElo "2105"]
[BlackElo "2132"]
[PlyCount "124"]
[EventDate "2011.10.02"]
[EventType "team-tourn"]
[EventRounds "11"]
[EventCountry "GER"]
[SourceTitle "EXT 2013"]
[Source "ChessBase"]
[SourceDate "2012.11.22"]
[SourceVersion "1"]
[SourceVersionDate "2012.11.22"]
[SourceQuality "1"]
[WhiteTeam "Giessen"]
[BlackTeam "Neuberg"]
[WhiteTeamCountry "GER"]
[BlackTeamCountry "GER"]

1. e4 e5 2. Nf3 Nc6 3. Bc4 Nf6 4. d3 Be7 5. 0-0 d6 6. c3 0-0 7. h3 a6 8. a4 Be6 9. Nbd2 Qd7 10. Kh2 h6 11. Qe2 Nh7 12. d4 exd4 13. cxd4 d5 14. Bd3 dxe4 15. Nxe4 Nxd4 16. Nxd4 Qxd4 17. Be3 Qb4 18. f4 Rfd8 19. f5 Rxd3 20. Qxd3 Bc4 21. Qc2 Bxf1 22. Rxf1 Nf6 23. Nxf6+ Bxf6 24. b3 Re8 25. Bc1 Qc3 26. Qxc3 Bxc3 27. Bf4 Be5 28. Kg3 f6 29. Bxe5 Rxe5 30. Kf4 Rd5 31. Rf3 Kf7 32. g4 a5 33. Re3 Rd4+ 34. Kf3 c5 35. Rc3 b6 36. Kg3 Ke7 37. Re3+ Kf7 38. Rc3 Re4 39. Kf3 Re1 40. Rd3 Ke7 41. Kf2 Re4 42. Kf3 Rb4 43. Ke2 c4 44. bxc4 Rxa4 45. Re3+ Kd7 46. Rd3+ Kc6 47. Re3 Rxc4 48. Re7 h5 49. Rxg7 hxg4 50. hxg4 a4 51. Kd3 b5 52. Rg6 Kd5 53. g5 fxg5 54. Rxg5 Rb4 55. Rg8 Rb3+ 56. Kc2 Rf3 57. Rb8 Kc4 58. Rc8+ Kb4 59. Rf8 a3 60. f6 Rf2+ 61. Kd3 a2 62. Ra8 Kb3 0-1

[Event "Oberliga Ost-B 1112"]
[Site "Germany"]
[Date "2012.02.26"]
[Round "8.8"]
[White "Frei, Markus"]
[Black "Eckhardt, Thorsten"]
[Result "0-1"]
[WhiteElo "1962"]
[BlackElo "2105"]
[PlyCount "44"]
[EventDate "2011.10.02"]
[EventType "team-tourn"]
[EventRounds "11"]
[EventCountry "GER"]
[SourceTitle "EXT 2013"]
[Source "ChessBase"]
[SourceDate "2012.11.22"]
[SourceVersion "1"]
[SourceVersionDate "2012.11.22"]
[SourceQuality "1"]
[WhiteTeam "Moerlenbach"]
[BlackTeam "Giessen"]
[WhiteTeamCountry "GER"]
[BlackTeamCountry "GER"]

1. e4 e6 2. d4 d5 3. Nc3 Nf6 4. e5 Nfd7 5. f4 c5 6. Nf3 Nc6 7. Be3 a6 8. Be2 b5 9. 0-0 Qb6 10. Qd2 cxd4 11. Nxd4 Bc5 12. Rad1 0-0 13. Rf3 Bb7 14. Nxc6 Bxc6 15. Bxc5 Nxc5 16. Qd4 b4 17. Nb1 g6 18. c3 a5 19. cxb4 axb4 20. Rc1 Ra5 21. Rb3 Rb8 22. a3 Nxb3 0-1

[Event "GER-chT9 LI-21 Br01 email"]
[Site "GER email"]
[Date "2011.10.17"]
[Round "?"]
[White "Beyer, Ulrich"]
[Black "Eckhardt, Thorsten"]
[Result "1/2-1/2"]
[WhiteElo "2255"]
[BlackElo "2220"]
[PlyCount "116"]
[EventDate "2011.10.23"]
[EventType "tourn (corr)"]
[EventRounds "8"]
[EventCountry "GER"]
[SourceTitle "Corr 2015"]
[Source "ChessBase"]
[SourceDate "2015.07.17"]
[SourceVersion "1"]
[SourceVersionDate "2015.07.17"]
[SourceQuality "1"]

1. e4 e6 2. d4 d5 3. Nc3 Bb4 4. e5 c5 5. a3 Bxc3+ 6. bxc3 Qa5 7. Bd2 Qa4 8. Qb1 c4 9. g3 Nc6 10. Bg2 Bd7 11. Ne2 f6 12. 0-0 0-0-0 13. Re1 f5 14. h4 Nge7 15. Nf4 Rdg8 16. Qb2 Nd8 17. Reb1 Nec6 18. Bxd5 exd5 19. e6 Be8 20. Nxd5 Qa5 21. Ne3 Ne7 22. Qb4 Qxb4 23. axb4 Bb5 24. d5 a6 25. Rd1 Rf8 26. d6 Ng6 27. e7 Rf6 28. d7+ Bxd7 29. exd8Q+ Rxd8 30. Nd5 Re6 31. Be3 Bb5 32. Nb6+ Kc7 33. Rxd8 Kxd8 34. Rd1+ Kc7 35. Nd5+ Kc6 36. Bc5 Ba4 37. Ne3 b6 38. Bd4 f4 39. Nxc4 Bxc2 40. Rc1 Bd3 41. Nxb6 fxg3 42. fxg3 Ne5 43. Bxe5 Rxe5 44. Na4 Bb5 45. Nc5 Kd5 46. Nb3 Re2 47. Na5 Bd3 48. c4+ Ke4 49. Nb7 Ke3 50. Nc5 Bg6 51. b5 axb5 52. cxb5 Kd4 53. b6 Rb2 54. Ne6+ Ke5 55. Nxg7 Kf6 56. h5 Kxg7 57. hxg6 Rxb6 58. gxh7 Kxh7 1/2-1/2

[Event "GER-chT9 LI-21 Br01 email"]
[Site "GER email"]
[Date "2011.10.17"]
[Round "?"]
[White "Eckhardt, Thorsten"]
[Black "Kalthoff, Peter"]
[Result "1/2-1/2"]
[WhiteElo "2220"]
[BlackElo "2070"]
[PlyCount "58"]
[EventDate "2011.10.23"]
[EventType "tourn (corr)"]
[EventRounds "8"]
[EventCountry "GER"]
[SourceTitle "Corr 2015"]
[Source "ChessBase"]
[SourceDate "2015.07.17"]
[SourceVersion "1"]
[SourceVersionDate "2015.07.17"]
[SourceQuality "1"]

1. f4 d5 2. Nf3 Nf6 3. g3 g6 4. Bg2 Bg7 5. 0-0 0-0 6. d3 c5 7. Qe1 Nc6 8. e4 dxe4 9. dxe4 e5 10. Nc3 Nd4 11. fxe5 Ng4 12. Nxd4 Qxd4+ 13. Kh1 Be6 14. h3 Nxe5 15. Be3 Qc4 16. Qf2 Nd7 17. Nd5 Bxb2 18. Rab1 Be5 19. Rxb7 Qa6 20. Rfb1 Rfb8 21. Rxb8+ Rxb8 22. Rxb8+ Bxb8 23. Nf6+ Nxf6 24. Qxf6 Qa5 25. Kh2 Bd6 26. Bh6 Bf8 27. Bxf8 Kxf8 28. Qh8+ Ke7 29. e5 Qxa2 1/2-1/2

[Event "GER-chT9 LI-21 Br01 email"]
[Site "GER email"]
[Date "2011.10.17"]
[Round "?"]
[White "Eckhardt, Thorsten"]
[Black "Patzer, Joerg"]
[Result "1/2-1/2"]
[WhiteElo "2220"]
[BlackElo "2214"]
[PlyCount "95"]
[EventDate "2011.10.23"]
[EventType "tourn (corr)"]
[EventRounds "8"]
[EventCountry "GER"]
[SourceTitle "Corr 2015"]
[Source "ChessBase"]
[SourceDate "2015.07.17"]
[SourceVersion "1"]
[SourceVersionDate "2015.07.17"]
[SourceQuality "1"]

1. e4 e5 2. Nf3 Nc6 3. Bb5 a6 4. Bxc6 dxc6 5. 0-0 Qf6 6. d4 exd4 7. Bg5 Qd6 8. Nxd4 Be7 9. Bxe7 Nxe7 10. Nc3 Bd7 11. Nb3 Qxd1 12. Raxd1 b6 13. f4 0-0-0 14. Rf2 c5 15. Rfd2 Bg4 16. Rxd8+ Rxd8 17. Rxd8+ Kxd8 18. Kf2 Nc6 19. Ke3 Be6 20. Nc1 f6 21. a3 Ke7 22. N1e2 Kd6 23. Nb1 Bf7 24. Nd2 Be6 25. h3 Ke7 26. g4 b5 27. Nf3 Na5 28. b3 Nc6 29. Ng3 a5 30. Nd2 g6 31. Ne2 g5 32. Nf3 h6 33. e5 f5 34. fxg5 hxg5 35. Nxg5 fxg4 36. Nxe6 Kxe6 37. hxg4 Kxe5 38. g5 Kf5 39. g6 Kxg6 40. Ke4 Nd8 41. Kd5 b4 42. a4 Kf5 43. Kxc5 Ke4 44. Ng3+ Ke3 45. Kb5 Kd2 46. Kxa5 Kxc2 47. Kxb4 Nc6+ 48. Ka3 1/2-1/2

[Event "GER-chT9 LI-21 Br01 email"]
[Site "GER email"]
[Date "2011.10.17"]
[Round "?"]
[White "Engelhardt, Georg"]
[Black "Eckhardt, Thorsten"]
[Result "1/2-1/2"]
[WhiteElo "2190"]
[BlackElo "2220"]
[PlyCount "75"]
[EventDate "2011.10.23"]
[EventType "tourn (corr)"]
[EventRounds "8"]
[EventCountry "GER"]
[SourceTitle "Corr 2015"]
[Source "ChessBase"]
[SourceDate "2015.07.17"]
[SourceVersion "1"]
[SourceVersionDate "2015.07.17"]
[SourceQuality "1"]

1. d4 Nf6 2. c4 c5 3. d5 b5 4. cxb5 a6 5. bxa6 g6 6. Nc3 Bxa6 7. g3 d6 8. Bg2 Bg7 9. Nf3 Nbd7 10. Rb1 0-0 11. 0-0 Qa5 12. Bd2 Rfb8 13. Qc2 Qc7 14. b3 Nb6 15. Nh4 Qb7 16. Rfd1 Nfxd5 17. Nxd5 Nxd5 18. Bh6 e6 19. Bxg7 Kxg7 20. e4 Nb4 21. Qc3+ e5 22. Rxd6 Qe7 23. Rd2 Nc6 24. Rd5 Nd4 25. Qxc5 Qxc5 26. Rxc5 Bd3 27. Rb2 Nxb3 28. Rxe5 Nd2 29. Rxb8 Rxb8 30. h3 Rb1+ 31. Kh2 Rb2 32. a4 Kf6 33. Rd5 Bxe4 34. Rxd2 Rxd2 35. Bxe4 Rxf2+ 36. Kg1 Ra2 37. Bc6 Ra3 38. Kf2 1/2-1/2